| 000 | 00873nam0a22002531 4500 | ||
|---|---|---|---|
| 001 | rc\2814778 | ||
| 005 | 20250806211043.0 | ||
| 035 | _a(NLR Aleph) 006940557 | ||
| 090 |
_a37827 _c37827 |
||
| 100 | _a20110915d1945 u y0rusy50 ca | ||
| 101 | 0 | _arus | |
| 102 | _aRU | ||
| 105 | _ay z ||||| | ||
| 200 | 1 |
_aПобежденный Берлин _e[Как он был взят] _fВ. Величко, гвардии подполк. |
|
| 210 |
_a[Воронеж] _cВоронежск. обл. кн-во _d1945 _gтип. изд-ва "Коммуна" |
||
| 215 |
_a39 с. _d14 см. |
||
| 700 | 1 |
_aВеличко _bВ.А. _gВасилий Арсеньевич |
|
| 801 | 0 |
_aRU _bNLR _gpsbo |
|
| 801 | 1 |
_aRU _bELAR _2rusmarc |
|
| 852 |
_aNLR _jИр50 Г-2/909 |
||
| 942 | _cBOOK | ||
| 945 | _aРоссийская национальная библиотека | ||
| 980 | _aNB | ||
| 980 | _aBV | ||